000
00298nam a22001337a 4500
008
171012b xxu||||| |||| 00| 0 eng d
020
_a
9280808850
041
_a
eng
080
_a
316
100
_a
50
101
_a
SOC
245
_a
STATE, SOCIETY, AND THE UN SYSTEM
_c
KRAUSE,K
942
_2
udc
_c
BK
999
_c
33542
_d
33542